| 000 | 01728nam a2200205 a 4500 | ||
|---|---|---|---|
| 008 | 180524s2003 a |||gr|||| 000 f spa d | ||
| 020 | _a9506440255 | ||
| 041 | _aspa | ||
| 092 |
_c808 _l81 _sSTE |
||
| 100 | 1 |
_aSteel, Danielle _93936 |
|
| 245 |
_aÁguila solitaria / _cDanielle Stell |
||
| 250 |
_a1a ed. _bTraducción Eduardo G. Murillo |
||
| 260 |
_aBuenos Aires: _bPlaza & Janés; _c2003. |
||
| 300 |
_a320 p. _c23x16cm |
||
| 500 | _aSteel, D. ( 2003). Águila solitaria. (1a ed.). Buenos Aires : Plaza & Janes. | ||
| 505 | _aDesde la noche que le conoció, en un baile de sociedad, en diciembre de 1940, kate Jamison supo que Joe Allbright había entrado en su vida para no salir de ella nunca más. De inmediato se sintió atraída por aquel hombre mayor que ella, un aviador famoso, en quien adivinó a alguien especial, poco corriente, brillante y lejano a un tiempo, como una estrella. En los meses que siguieron a su primer encuentro un vínculo se fue estrechando entre ambos, tan fuerte que ni el estallido de la guerra, ni las peligrosas misiones de Joe bajo el cielo de Europa, ni la oposición de la familia de Kate podrían romper. Pero, al acabar la guerra, Kate tuvo que aceptar que su deseo de casarse y formar una familia no tenia cabida en la vida y los sueños de Joe, cuya auténtica pasión era volar. Debía tomar una decisión, encontrar su propio camino...sin saber que nadie puede escapar de su destino. Una historia de amor incondicional, de sacrificio y de compromiso. Porque, si se quiere a alguien de verdad, hay que tener el valor necesario de dejarle volar en libertad. | ||
| 590 | _aProyecto 4to libro. Donación Victoria Lara, mayo 2018. | ||
| 655 |
_aLiteratura _92917 |
||
| 942 |
_2ddc _cLIT |
||
| 999 |
_c2792 _d2792 |
||